[Event "GER-chT School WK Girls"]
[Site "Playchess.com INT"]
[Date "2020.06.17"]
[Round "6.4"]
[White "Adelmeyer, Nelly"]
[Black "Opherden, Jana"]
[Result "1-0"]
[WhiteElo "1763"]
[BlackElo "1563"]
[PlyCount "61"]
[EventDate "2020.06.10"]
[EventType "team-swiss (blitz)"]
[EventRounds "7"]
[EventCountry "GER"]
[SourceTitle "EXT 2021"]
[Source "ChessBase"]
[SourceDate "2020.10.23"]
[SourceVersion "1"]
[SourceVersionDate "2020.10.23"]
[SourceQuality "1"]
[WhiteTeam "Halle Cantor Gymn"]
[BlackTeam "Erfurt Alb Schweitzer Gymn"]
[WhiteTeamCountry "GER"]
[BlackTeamCountry "GER"]

1. d4 d5 2. Nf3 Nf6 3. e3 e6 4. Bd3 c5 5. Nbd2 Nc6 6. b3 b6 7. Bb2 Be7 8. 0-0 0-0 9. c4 Bb7 10. Qc2 Qc7 11. Rac1 Nb4 12. Qb1 Nxd3 13. Qxd3 Rac8 14. cxd5 Bxd5 15. dxc5 Bxc5 16. b4 Rfd8 17. Qb1 Qb7 18. bxc5 bxc5 19. Bxf6 Bxf3 20. Bxd8 Bxg2 21. Qxb7 Bxb7 22. Be7 Ba6 23. Rfd1 Be2 24. Re1 Bb5 25. Rxc5 Rxc5 26. Bxc5 g6 27. Bxa7 Bc6 28. Bd4 Bd5 29. Rb1 h5 30. Rb8+ Kh7 31. Rh8# 1-0

[Event "GER-chT School WK Girls"]
[Site "Playchess.com INT"]
[Date "2020.06.17"]
[Round "5.4"]
[White "Jin, Angela"]
[Black "Opherden, Jana"]
[Result "0-1"]
[WhiteElo "1543"]
[BlackElo "1563"]
[PlyCount "48"]
[EventDate "2020.06.10"]
[EventType "team-swiss (blitz)"]
[EventRounds "7"]
[EventCountry "GER"]
[SourceTitle "EXT 2021"]
[Source "ChessBase"]
[SourceDate "2020.10.23"]
[SourceVersion "1"]
[SourceVersionDate "2020.10.23"]
[SourceQuality "1"]
[WhiteTeam "Buchholz San Annaberg"]
[BlackTeam "Erfurt Alb Schweitzer Gymn"]
[WhiteTeamCountry "GER"]
[BlackTeamCountry "GER"]

1. e4 c5 2. Nf3 e6 3. d4 cxd4 4. Nxd4 d6 5. Nc3 a6 6. Bc4 b5 7. Bb3 Bb7 8. 0-0 Nf6 9. Qe2 Be7 10. Bg5 Nbd7 11. a4 b4 12. Bxf6 Bxf6 13. Nf3 bxc3 14. bxc3 0-0 15. Rad1 Bxc3 16. Rxd6 Qc7 17. Rd3 Rfd8 18. Ng5 Nf6 19. Rfd1 Rxd3 20. Rxd3 a5 21. Qe3 Rd8 22. Rxd8+ Qxd8 23. h3 Be5 24. Qb6 Qd1# 0-1

[Event "GER-chT School WK Girls"]
[Site "Playchess.com INT"]
[Date "2020.06.17"]
[Round "7.4"]
[White "Opherden, Jana"]
[Black "Feller, Franziska"]
[Result "1-0"]
[WhiteElo "1563"]
[BlackElo "1494"]
[PlyCount "79"]
[EventDate "2020.06.10"]
[EventType "team-swiss (blitz)"]
[EventRounds "7"]
[EventCountry "GER"]
[SourceTitle "EXT 2021"]
[Source "ChessBase"]
[SourceDate "2020.10.23"]
[SourceVersion "1"]
[SourceVersionDate "2020.10.23"]
[SourceQuality "1"]
[WhiteTeam "Erfurt Alb Schweitzer Gymn"]
[BlackTeam "Fuerth HBS"]
[WhiteTeamCountry "GER"]
[BlackTeamCountry "GER"]

1. e4 e5 2. Nf3 Nc6 3. Bc4 Nf6 4. d3 d6 5. Bg5 h6 6. Be3 Be7 7. c3 0-0 8. Nbd2 a6 9. Qe2 b5 10. Bb3 Bd7 11. d4 exd4 12. Nxd4 Re8 13. 0-0-0 a5 14. Nxb5 Rb8 15. Bc2 g6 16. Bxh6 Bg4 17. f3 Be6 18. g4 Kh7 19. Be3 Kg7 20. h4 Rh8 21. Nd4 Rb6 22. Nxe6+ fxe6 23. Bxb6 cxb6 24. Qg2 d5 25. h5 dxe4 26. Nxe4 Qb8 27. Nxf6 Bxf6 28. hxg6 e5 29. Rd7+ Ne7 30. g5 Bxg5+ 31. Kb1 Be3 32. Rxe7+ Kf6 33. Rf7+ Ke6 34. Qg4+ Kd6 35. Rd1+ Kc5 36. g7 Rg8 37. Qd7 b5 38. Rd5+ Kc4 39. Qc6+ Bc5 40. Rxc5# 1-0

[Event "GER-chT School WK Girls"]
[Site "Playchess.com INT"]
[Date "2020.06.17"]
[Round "4.4"]
[White "Opherden, Jana"]
[Black "Krohn, Lilian"]
[Result "1-0"]
[WhiteElo "1563"]
[BlackElo "1417"]
[PlyCount "59"]
[EventDate "2020.06.10"]
[EventType "team-swiss (blitz)"]
[EventRounds "7"]
[EventCountry "GER"]
[SourceTitle "EXT 2021"]
[Source "ChessBase"]
[SourceDate "2020.10.23"]
[SourceVersion "1"]
[SourceVersionDate "2020.10.23"]
[SourceQuality "1"]
[WhiteTeam "Erfurt Alb Schweitzer Gymn"]
[BlackTeam "Rostock Ecolea"]
[WhiteTeamCountry "GER"]
[BlackTeamCountry "GER"]

1. e4 e5 2. Nf3 Bc5 3. Nxe5 Nc6 4. Nxc6 bxc6 5. d4 Bb6 6. Bc4 Nf6 7. Nc3 0-0 8. Bg5 d6 9. 0-0 Bg4 10. Bxf6 gxf6 11. Qxg4+ Kh8 12. Rad1 Qe8 13. Rfe1 Ba5 14. a3 f5 15. exf5 Qd8 16. b4 Bb6 17. a4 Rg8 18. Qf3 Qg5 19. Ne2 Qd8 20. Ng3 Re8 21. Rxe8+ Qxe8 22. a5 Qf8 23. axb6 Re8 24. Qh5 Re7 25. f6 Re6 26. Bxe6 fxe6 27. f7 a6 28. bxc7 Qd8 29. cxd8Q+ Kg7 30. f8Q# 1-0

[Event "GER-chT School WK Girls"]
[Site "Playchess.com INT"]
[Date "2020.06.10"]
[Round "1.4"]
[White "Balcytis, Karolina"]
[Black "Opherden, Jana"]
[Result "0-1"]
[WhiteElo "1112"]
[BlackElo "1563"]
[PlyCount "76"]
[EventDate "2020.06.10"]
[EventType "team-swiss (blitz)"]
[EventRounds "7"]
[EventCountry "GER"]
[SourceTitle "EXT 2021"]
[Source "ChessBase"]
[SourceDate "2020.10.23"]
[SourceVersion "1"]
[SourceVersionDate "2020.10.23"]
[SourceQuality "1"]
[WhiteTeam "Ottweiler Gymn"]
[BlackTeam "Erfurt Alb Schweitzer Gymn"]
[WhiteTeamCountry "GER"]
[BlackTeamCountry "GER"]

1. e4 c5 2. Qg4 d6 3. Bb5+ Nc6 4. Qh4 a6 5. Be2 Nf6 6. Nf3 e6 7. Nc3 Be7 8. Ng5 Ne5 9. d4 cxd4 10. Na4 Ng6 11. Qg3 Qa5+ 12. Bd2 Qxa4 13. b3 Qc6 14. Bc4 Nxe4 15. Qd3 Nxg5 16. Bxg5 Bxg5 17. 0-0 0-0 18. Rae1 Bd7 19. Qg3 d5 20. Bd3 Be7 21. c4 dxc3 22. Rc1 Bb4 23. Rfe1 Rac8 24. Red1 Qc7 25. Qe3 Bb5 26. Bc2 Qc5 27. Qg3 Ba3 28. Ra1 Bb2 29. Rab1 Be2 30. Re1 Qb5 31. Bd1 Bxd1 32. Rbxd1 c2 33. Qd6 cxd1Q 34. Rxd1 Qe2 35. Rf1 Rc1 36. h3 Rxf1+ 37. Kh2 Be5+ 38. g3 Qxf2# 0-1